El estado católico: lineas de un ideal

Saved in:
Bibliografiske detaljer
Hovedforfatter: Azpiazu, Joaquín (Author)
Format: Bog
Sprog:spansk
Udgivet: Madrid Rayfe 1939
Serier:Biblioteca Fomento Social
Fag:
Tags: Tilføj Tag
Ingen Tags, Vær først til at tagge denne postø!

MARC

LEADER 00000nam a2200000 a 4500
001 UCH9125
003 CL-VaPUC
008 091224e19390000SP |||||||||||||||||spa|d
082 0 4 |a 261.1  |b AZP  |2 21 
100 0 |a Azpiazu, Joaquín  |e author  |9 546027 
245 1 3 |a El estado católico: lineas de un ideal 
300 |a 227 p 
942 |c BK 
945 |d 20091224 00:00:00  |a rbrito 
260 |a Madrid  |b Rayfe  |c 1939 
650 0 |a Teología social de la Iglesia  |9 378196 
650 0 |a Iglesia y Estado  |9 254995 
583 |a last modification  |c 20091224 00:00:00  |k Rodrigo Vera 
490 0 |a Biblioteca Fomento Social 
999 |c 339188  |d 339186 
952 |0 0  |1 0  |4 0  |6 261_100000000000000_AZP_1939  |7 0  |8 X  |9 432668  |a FDOBUD  |b FDOBUD  |d 2019-11-22  |i 4625412  |o 261.1 AZP 1939  |p 4625412  |r 2019-11-22  |w 2019-11-22  |y BK_X  |k BUD